000 01867nam a2200229 a 4500
001 BS0002469
003 BR-BrBNA
005 20230418192035.0
008 230308b |||||||| |||| 00| 0 por d
040 _aBR-BrBNA
_bpor
_cBiblioteca Nacional de Agricultura
041 _apor
072 _aB60
090 _aB60 BS0002469
100 1 _aBirch, B.
245 1 _aGuglielmo Marconi /
260 3 _aSão Paulo, SP:
_bGlobo,
_c1990.
300 _a64 p.
520 3 _aAos 20 anos, o bolonhês Guglielmo Marconi sonhou que algum dia enviaria um sinal de um lado ao outro do mundo, através do ar, sem utilizar qualquer fio. Aos 23, ele já havia feito isso. Esse jovem, com uma educação científica não mais do que formal, e trabalhando na casa de campo do seu pai, acabou perturbando alguns dos mais avançados cérebros científicos de seu tempo. Era o ano de 1895 e o uso da eletricidade ainda era muito restrito (somente quinze anos mais tarde seria utilizada para iluminar residências). As mensagens já podiam ser enviadas rápida e claramente por telefone ou telégrafo. Mas esses meios de comunicação tinham um sério problema: exigiam a utilização de fios. O sonho de Marconi, de remeter mensagens sem eles, parecia ficção científica. Para dar esse passo adiante, Marconi trabalhou obstinadamente em seus experimentos. Começou por emitir e captar mensagens dentro do pequeno mundo da casa onde trabalhava, até cruzar os oceanos com seu telégrafo sem fio. Em 12 de outubro de 1931, ele pressionou em Roma o botão que acendeu as luzes inaugurais do Cristo do Corcovado, no Rio de Janeiro. Graças à sua determinação, hoje temos TV por satélite, emissoras de rádio, comunicações por laser e todas as maravilhas que reduziram o mundo a uma "aldeia global".
650 _aBIOGRAFIA
909 _a202304
_bSergio Santos
_c56
_dSergio Santos
942 _cBK
999 _c7528
_d7528